Thermostactics and thermodynamics : an introduction to energy, information and states of matter, with engineering applications /

Bewaard in:
Bibliografische gegevens
Hoofdauteur: Tribus, Myron (autor)
Formaat: Boek
Taal:Engels
Gepubliceerd in: Nueva York, EUA : Van Nostrand, 1961
Onderwerpen:
Tags: Voeg label toe
Geen labels, Wees de eerste die dit record labelt!

MARC

LEADER 00000nam^a2200000^a^4500
001 000011325
005 20250521000000.0
009 20260310083740.336
037 |a Acervo ITESO - Biblioteca 
041 |a ING 
082 |a 660. 2936  |b TRI 
100 |a Tribus, Myron  |e (autor) 
245 1 0 |a Thermostactics and thermodynamics :  |b an introduction to energy, information and states of matter, with engineering applications /  |c M. Tribus. 
264 1 |a Nueva York, EUA :  |b Van Nostrand,  |c 1961 
300 |a 649 p. 
336 |a texto  |b txt  |2 rdacontenido 
337 |a sin mediación  |b n  |2 rdamedio 
338 |a volumen  |b nc  |2 rdasoporte 
649 |a XX 
650 |a Termodinámica -  |x Teoría 
910 |a Fondo General 
920 |a Impresos - Libros 
930 |a Colección General 
905 |a 101 
901 |a 0113250100  |b IT1  |c ACC  |i 011325  |u 20250521 
902 |a https://opac.biblio.iteso.mx/vufind/Record/000011325